Central Library OPAC University of Rajshahi

برگ گل ;; Barg-i gul / (Record no. 81763)

MARC details
000 -LEADER
fixed length control field 00698cam a2200241 a 4500
001 - CONTROL NUMBER
control field 81763
003 - CONTROL NUMBER IDENTIFIER
rucl marc code BD-RjUL
005 - DATE AND TIME OF LATEST TRANSACTION
control field 20230824120959.0
008 - FIXED-LENGTH DATA ELEMENTS--GENERAL INFORMATION
fixed length control field 230823s1955 pk 000 0 urdo
035 ## - SYSTEM CONTROL NUMBER
System control number (BD-RjUL) 81763
040 ## - CATALOGING SOURCE
Original cataloging agency DLC
Transcribing agency DLC
Modifying agency DLC
Language of cataloging eng
041 ## - LANGUAGE CODE
Language code of text/sound track or separate title urd
082 ## - DEWEY DECIMAL CLASSIFICATION NUMBER
Edition number 23
Classification number 891.43905
Author mark and year QAB 1955
100 1# - MAIN ENTRY--PERSONAL NAME
Personal name Abdul Qayum,
Dates associated with a name 1933-2008.
9 (RLIN) 8534
245 10 - TITLE STATEMENT
Title برگ گل ;; Barg-i gul /
Statement of responsibility, etc. abdul Qayum
250 ## - EDITION STATEMENT
Edition statement Ishāʻat 1.
260 ## - PUBLICATION, DISTRIBUTION, ETC. (IMPRINT)
Place of publication, distribution, etc. Lāhaur :
Name of publisher, distributor, etc. Maktabah-i Sayyid Aḥmad Shahīd ;
-- taʻāvun, Maktabatulḥarmain,
Date of publication, distribution, etc. 2002.
300 ## - PHYSICAL DESCRIPTION
Pagination 337 p. ;
Size 23 cm.
490 ## - SERIES STATEMENT
Series statement سر سید نمبر
650 ## - SUBJECT ADDED ENTRY--TOPICAL TERM
Topical term or geographic name as entry element Urdu periodicals
9 (RLIN) 8535
942 ## - ADDED ENTRY ELEMENTS (KOHA)
Source of classification or shelving scheme Dewey Decimal Classification
Koha item type Books
Holdings
Lost status Source of classification or shelving scheme Damaged status Not for loan Collection code Permanent Location Current Location Shelving location Date acquired Total Checkouts Full call number Date last seen Copy number Koha item type
  Dewey Decimal Classification   Not For Loan Serials Central Library, University of Rajshahi Central Library, University of Rajshahi General Stacks 24/08/2023   UP 891.43905 QAB 1955 24/08/2023 C-1 Books